Bilecik Bilecik Bilecik Bilecik Bilecik

Bulgaristan'daki Türklerin Statüsü/ (Record no. 11222)

MARC details
000 -BAŞLIK
Sabit Uzunluktaki Kontrol Alanı 01373nam a22004217a 4500
001 - KONTROL NUMARASI
Control Dosyası 0011253
003 - KONTROL NUMARASI KİMLİĞİ
Kontrol Alanı KOHA_MİRAKIL
005 - EN SON İŞLEM TARİHİ ve ZAMANI
Kontrol Alanı 20260207001810.0
007 - FİZİKSEL TANIM SABİT ALAN - GENEL BİLGİ
Sabit uzunluklu kontrol alanı ta
008 - SABİT UZUNLUKTAKİ VERİ ÖGELERİ - GENEL BİLGİ
Sabit Alan 091203b1989 tu |||gr||||#||||0|tur |
020 ## - ISBN - ULUSLARARASI STANDART KİTAP NUMARASI
Isbn 9754980209
Kullanılabilirlik koşulları 0,01
040 ## - KATALOGLAMA KAYNAĞI
Özgün Kataloglama Kurumu TR-BiSEU
Kataloglama Dili tur
Çeviri Kurumu TR-BiSEU
Açıklama Kuralları rda
041 0# - DİL KODU
Metin ya da ses kaydının dil kodu tur
044 ## - YAYINLAYAN/ÜRETEN KURULUŞUN ÜLKE KODU
ISO country code tu
050 ## - SINIFLAMA ve YER NUMARASI
Sınıflama Numarası KJM2467.M56
Yer Numarası K36 1989
100 1# - KİŞİ ADI
Yazar Adı (Kişi adı) Kamil, İbrahim.
245 1# - ESER ADI BİLDİRİMİ
Başlık Bulgaristan'daki Türklerin Statüsü/
Sorumluluk Bildirimi İbrahim Kamil ; İbrahim Kamil.
264 #1 - ÜRERİM, YAYIN, DAĞITIM ve TELİF BİLDİRİMİ
Yayın yeri İstanbul :
Yayınlayan Türk Dünyası Araştırmaları Vakfı
Yayın tarihi 1989
300 ## - FİZİKSEL TANIMLAMA
Sayfa, Cilt vb. 92 sayfa; 16 cm.
336 ## - İÇERİK TÜRÜ
Content type term metin
Content type code txt
Source rdacontent
337 ## - MEDYA TÜRÜ
Media type term aracısız
Media type code n
Source rdamedia
338 ## - TAŞIYICI TÜRÜ
Carrier type term cilt
Carrier type code nc
Source rdacarrier
490 1# - DİZİ BİLDİRİMİ
Dizi Bildirimi Türk Dünyası Araştırmaları Vakfı yayın nu.
490 1# - DİZİ BİLDİRİMİ
Dizi Bildirimi 62.
490 1# - DİZİ BİLDİRİMİ
Dizi Bildirimi Kutsun ;
Cilt Numarası yayın nu.
490 1# - DİZİ BİLDİRİMİ
Dizi Bildirimi 11
500 ## - GENEL NOT
Genel Not "Milli nu. 89-34-Y-147-62"--T.p. verso.
500 ## - GENEL NOT
Genel Not Includes bibliographical references.
650 #0 - KONU BAŞLIĞI EK GİRİŞ - KONU TERİMİ
Konusal terim veya coğrafi ad Turks--Legal status, laws, etc.--Bulgaria.
9 (RLIN) 27392
650 #0 - KONU BAŞLIĞI EK GİRİŞ - KONU TERİMİ
Konusal terim veya coğrafi ad Minorities--Legal status, laws, etc.--Bulgaria.
9 (RLIN) 27393
650 #0 - KONU BAŞLIĞI EK GİRİŞ - KONU TERİMİ
Konusal terim veya coğrafi ad Human rights--Bulgaria.
9 (RLIN) 27394
650 #0 - KONU BAŞLIĞI EK GİRİŞ - KONU TERİMİ
Konusal terim veya coğrafi ad Human rights.
9 (RLIN) 2926
830 1# - SERİ EK GİRİŞİ - TEKBİÇİM ESER ADI
Tekbiçim Başlık Türk Dünyası Araştırmaları Vakfı yayın nu.
9 (RLIN) 27395
830 1# - SERİ EK GİRİŞİ - TEKBİÇİM ESER ADI
Tekbiçim Başlık 62.
9 (RLIN) 12480
830 1# - SERİ EK GİRİŞİ - TEKBİÇİM ESER ADI
Tekbiçim Başlık Kutsun ;
Volume number/sequential designation yayın nu.
9 (RLIN) 27396
830 1# - SERİ EK GİRİŞİ - TEKBİÇİM ESER ADI
Tekbiçim Başlık 11
9 (RLIN) 7332
942 ## - EK GİRİŞ ÖGELERİ (KOHA)
Source of classification or shelving scheme Library of Congress Classification
Koha item type Book
Holdings
Materyal Türü Kalıcı Konum Mevcut Konum Raf Yeri Sınıflandırma Kaynağı Edinim Bilgisi Ana Konular Alt Konular Yer Numarası Demirbaş Numarası Fatura Tarihi Geri Çekilme Durumu Kayıp Durumu Hasarlı Durumu Kredi için değil Kayıt Tarih Toplam Ödünçverme Son Görülme Tarihi Son Kontrol Tarihi Genel / Bağış Notu
Book Prof. Dr. Azmi Özcan Kütüphanesi Prof. Dr. Azmi Özcan Kütüphanesi Uluğbey Salonu Library of Congress Classification Bağış HUKUK Bulgaristan Hukuku KJM2467.M56 K36 1989 0011253 13/08/2010         03/12/2009   05/12/2024 05/12/2024 İİBF